Statistiques concernant Les maps de Call of Duty: Modern Wafare 2

Cliquez ici pour prendre le quiz!

Statistiques générales

  • Ce quiz a été pris 318 fois
  • Le résultat moyen est 7 sur 16

Statistiques - réponses

Réponse% Correct
Terminal
88%
Rust
82%
Highrise
62%
Afghan
59%
Favela
59%
Quarry
42%
Wasteland
42%
Karachi
36%
Estate
33%
Scrapyard
31%
Skidrow
30%
Sub base
26%
Dérail
25%
Rundown
21%
Underpass
21%
Invasion
20%

Distribution des résultats

Percentile par nombre de réponses

% des personnes avec chaque résultat

Votre développement - résultats

Vous n’avez pas pris ce quiz